[Event "Open Parla 2008"]
[Site "Parla ESP"]
[Date "2008.09.13"]
[Round "8.42"]
[White "Ortega Morales, Pedro"]
[Black "Martinez-Villanueva Pelaez, Guzma"]
[Result "1-0"]
[WhiteElo "1932"]
[BlackElo "1827"]
[PlyCount "77"]
[EventDate "2008.09.06"]
[EventType "swiss"]
[EventRounds "9"]
[EventCountry "AUT"]
[Source "lmi"]
[SourceDate "2008.09.06"]

1. d4 d5 2. Bf4 Nf6 3. e3 e6 4. Nf3 c5 5. c3 Nc6 6. Bd3 Bd6 7. Bg3 Bxg3 8. hxg3
Qd6 9. Bb5 Bd7 10. Bxc6 Bxc6 11. Ne5 O-O 12. Nd2 cxd4 13. exd4 Rac8 14. g4 Nd7
15. Qc2 g6 16. Ndf3 Nxe5 17. Nxe5 Qe7 18. f4 Bd7 19. O-O-O f6 20. Nxd7 Qxd7 21.
Rh6 f5 22. Qe2 Rc6 23. Rdh1 Rf7 24. Qe5 Rg7 25. gxf5 exf5 26. Re1 Kf7 27. Reh1
Kg8 28. Re1 Kf7 29. Rhh1 b5 30. Kb1 a5 31. Qb8 Re6 32. Re5 Rxe5 33. dxe5 g5 34.
Rh6 Ke7 35. Rd6 Qe8 36. Re6+ Kxe6 37. Qxe8+ Re7 38. Qg8+ Kd7 39. Qxd5+ 1-0

[Event "Open Parla 2008"]
[Site "Parla ESP"]
[Date "2008.09.13"]
[Round "8.43"]
[White "Camarero Izquierdo, Juan Carlos"]
[Black "Rios Barba, Faustino"]
[Result "1-0"]
[WhiteElo "1928"]
[BlackElo "1559"]
[PlyCount "43"]
[EventDate "2008.09.06"]
[EventType "swiss"]
[EventRounds "9"]
[EventCountry "AUT"]
[Source "lmi"]
[SourceDate "2008.09.06"]

1. e4 c5 2. Nf3 Nc6 3. d4 cxd4 4. Nxd4 a6 5. Nc3 g6 6. Be3 Bg7 7. Qd2 d6 8.
O-O-O h6 9. f4 Bg4 10. Be2 Bxe2 11. Ndxe2 Bxc3 12. Qxc3 e5 13. fxe5 Nxe5 14.
Bd4 f6 15. Nf4 Ne7 16. Ne6 Qc8 17. Nc7+ Kf7 18. Qb3+ Kg7 19. Nxa8 Qxa8 20. Bxe5
dxe5 21. Rd7 Re8 22. Qe6 1-0

[Event "Open Parla 2008"]
[Site "Parla ESP"]
[Date "2008.09.13"]
[Round "8.46"]
[White "Sierra Soria, Maria"]
[Black "Fernandez Fernandez, Jose Antonio"]
[Result "1-0"]
[WhiteElo "1708"]
[BlackElo "1897"]
[PlyCount "103"]
[EventDate "2008.09.06"]
[EventType "swiss"]
[EventRounds "9"]
[EventCountry "AUT"]
[Source "lmi"]
[SourceDate "2008.09.06"]

1. c4 Nf6 2. Nc3 g6 3. g3 Bg7 4. Bg2 O-O 5. Nf3 d5 6. cxd5 Nxd5 7. O-O Nc6 8.
a3 Bf5 9. Qb3 Nb6 10. d3 Bg4 11. Qd1 Qd7 12. Bf4 e5 13. Bd2 Rad8 14. Ne4 Bxf3
15. Bxf3 Nd4 16. Bg2 Qb5 17. Bb4 Rfe8 18. Rc1 Nd5 19. Rc5 Qa6 20. Rxd5 Rxd5 21.
Nf6+ Bxf6 22. Bxd5 b6 23. e3 Rd8 24. exd4 Rxd5 25. Qf3 c5 26. Qxd5 cxb4 27.
dxe5 Bg7 28. axb4 Qa4 29. Rc1 Qxb4 30. Rc8+ Bf8 31. Rc7 Be7 32. Rxa7 Kf8 33. b3
h5 34. Qc4 Qe1+ 35. Kg2 Qxe5 36. Qe4 Qd6 37. Qc4 Qf6 38. Ra8+ Kg7 39. Qc8 Bd8
40. Qxd8 Qc6+ 41. Kf1 Qc1+ 42. Ke2 Qc2+ 43. Kf3 Qc6+ 44. Ke3 Qc1+ 45. Ke4 f5+
46. Kf3 Qc6+ 47. Ke2 Qc2+ 48. Kf1 Qc1+ 49. Kg2 Qc6+ 50. Kh3 Kh6 51. Qh8+ Kg5
52. f4# 1-0

[Event "Open Parla 2008"]
[Site "Parla ESP"]
[Date "2008.09.13"]
[Round "8.47"]
[White "Rodriguez Centenera, Sara"]
[Black "Nieto de la Cruz, Julio"]
[Result "0-1"]
[WhiteElo "1674"]
[BlackElo "1888"]
[PlyCount "66"]
[EventDate "2008.09.06"]
[EventType "swiss"]
[EventRounds "9"]
[EventCountry "AUT"]
[Source "lmi"]
[SourceDate "2008.09.06"]

1. d4 Nf6 2. c4 c5 3. d5 b5 4. cxb5 a6 5. b6 Qxb6 6. Nc3 g6 7. Nf3 d6 8. e4 Bg4
9. h3 Bxf3 10. Qxf3 Bg7 11. Bc4 Qb4 12. Bd3 Nbd7 13. a3 Qb7 14. Bc2 O-O 15. O-O
Rfc8 16. Qe2 c4 17. f4 Nc5 18. Rb1 Rab8 19. Rd1 Nd3 20. Bxd3 cxd3 21. Qxd3 Rxc3
22. Qxc3 Nxe4 23. Qb4 Qa7+ 24. Kh2 Rxb4 25. axb4 Qb6 26. Ra1 f5 27. Rd3 Bd4 28.
Rda3 h5 29. h4 Kf7 30. Rxa6 Bg1+ 31. Kh3 Qxb4 32. R6a3 Qe1 33. Bd2 Qg3+ 0-1

[Event "Open Parla 2008"]
[Site "Parla ESP"]
[Date "2008.09.13"]
[Round "8.49"]
[White "Sierra Bermejo, Gregorio"]
[Black "Quintero Torres, Pedro"]
[Result "0-1"]
[WhiteElo "1808"]
[BlackElo "2095"]
[PlyCount "56"]
[EventDate "2008.09.06"]
[EventType "swiss"]
[EventRounds "9"]
[EventCountry "AUT"]
[Source "lmi"]
[SourceDate "2008.09.06"]

1. c4 Nf6 2. Nc3 e5 3. Nf3 Nc6 4. g3 Bb4 5. Bg2 O-O 6. O-O Re8 7. a3 Bxc3 8.
dxc3 h6 9. Qc2 e4 10. Nd4 Ne5 11. b3 d6 12. Bf4 c5 13. Nb5 a6 14. Nxd6 Qxd6 15.
Rfd1 Qe7 16. Rd2 Bf5 17. Qd1 g5 18. Bxe5 Qxe5 19. Rd6 Re6 20. Rd8+ Rxd8 21.
Qxd8+ Re8 22. Qb6 Kg7 23. h3 e3 24. f4 gxf4 25. gxf4 Qe6 26. Qxb7 Rg8 27. Kh2
Kh7 28. Qf3 Be4 0-1

[Event "Open Parla 2008"]
[Site "Parla ESP"]
[Date "2008.09.13"]
[Round "8.50"]
[White "Perez Alvarez, Javier"]
[Black "Caceres Rodriguez, Jose Joaquin"]
[Result "1/2-1/2"]
[WhiteElo "1727"]
[BlackElo "2020"]
[PlyCount "104"]
[EventDate "2008.09.06"]
[EventType "swiss"]
[EventRounds "9"]
[EventCountry "AUT"]
[Source "lmi"]
[SourceDate "2008.09.06"]

1. e4 e5 2. Nf3 Nf6 3. Nxe5 d6 4. Nf3 Nxe4 5. Nc3 Nxc3 6. dxc3 Be7 7. Be3 Nc6
8. Qd2 Bf5 9. O-O-O Qd7 10. h3 O-O-O 11. Nd4 Nxd4 12. Qxd4 c5 13. Qf4 Be6 14.
Bxc5 g5 15. Qe3 Qa4 16. Ba3 Rhe8 17. Rd4 Qa5 18. Bc4 Bf6 19. Bxe6+ Rxe6 20. Re4
Rde8 21. Rxe6 Rxe6 22. Qd3 Qe5 23. g3 Qe2 24. Qxe2 Rxe2 25. Rf1 Kd7 26. Kd1 Re6
27. c4 Be5 28. g4 Rh6 29. Rh1 Ke6 30. Ke2 f5 31. f3 b6 32. b3 d5 33. cxd5+ Kxd5
34. Bc1 fxg4 35. fxg4 Re6 36. Kd3 Bf4 37. c4+ Kc6 38. Bxf4 gxf4 39. Kd2 Kc5 40.
Re1 Rh6 41. Rh1 Kb4 42. h4 Ka3 43. Kc3 Kxa2 44. h5 Rf6 45. g5 Rf8 46. g6 hxg6
47. hxg6 Rg8 48. Rh2+ Ka3 49. Rh7 a5 50. Rh1 Ka2 51. Rh6 f3 52. Rh2+ Ka3
1/2-1/2

[Event "Open Parla 2008"]
[Site "Parla ESP"]
[Date "2008.09.13"]
[Round "8.51"]
[White "Tsebrovskyy, Roman"]
[Black "Alcazar Mata, Jesus"]
[Result "1/2-1/2"]
[WhiteElo "1863"]
[BlackElo "1631"]
[PlyCount "33"]
[EventDate "2008.09.06"]
[EventType "swiss"]
[EventRounds "9"]
[EventCountry "AUT"]
[Source "lmi"]
[SourceDate "2008.09.06"]

1. e4 e5 2. Nf3 Nc6 3. Bb5 a6 4. Ba4 Nf6 5. d4 Nxd4 6. Nxd4 exd4 7. e5 Ne4 8.
Qg4 f5 9. exf6 Nxf6 10. Qxd4 c5 11. Qe3+ Qe7 12. c4 Qxe3+ 13. Bxe3 Be7 14. Nc3
O-O 15. f3 d6 16. Bc2 Be6 17. b3 1/2-1/2